Conceptual Framework and Accounting Standards (Record no. 83090)

MARC details
000 -LEADER
fixed length control field 00416nam a22001577a 4500
003 - CONTROL NUMBER IDENTIFIER
control field URS
005 - DATE AND TIME OF LATEST TRANSACTION
control field 20250624113649.0
008 - FIXED-LENGTH DATA ELEMENTS--GENERAL INFORMATION
fixed length control field 250624t2022 ph ||||| |||| 00| 0 eng d
040 ## - CATALOGING SOURCE
Transcribing agency urs
050 ## - LIBRARY OF CONGRESS CALL NUMBER
Classification number HF581
Item number V55 2022
245 ## - TITLE STATEMENT
Title Conceptual Framework and Accounting Standards
260 ## - PUBLICATION, DISTRIBUTION, ETC.
Place of publication, distribution, etc. Manila:
Name of publisher, distributor, etc. Rex Book Store,
Date of publication, distribution, etc. [2022]
300 ## - PHYSICAL DESCRIPTION
Extent xv, 576 pages
Dimensions 25 cm
700 ## - ADDED ENTRY--PERSONAL NAME
Personal name Villaceran, Eugenio V.
942 ## - ADDED ENTRY ELEMENTS (KOHA)
Source of classification or shelving scheme Library of Congress Classification
Koha item type Filipiniana
Holdings
Withdrawn status Source of classification or shelving scheme Damaged status Not for loan Home library Current library Shelving location Date acquired Total Checkouts Full call number Barcode Date last seen Price effective from Koha item type
  Library of Congress Classification     Binangonan College Library Binangonan College Library Filipiniana Section 06/24/2025   HF 581 V55 2022 URSBIN-3960 06/24/2025 06/24/2025 Filipiniana

University of Rizal System
Email us at univlibservices@urs.edu.ph

Visit our Website www.urs.edu.ph/library